Villes les Plus Peuplées de France par Lettre - Statistiques

Statistiques générales
  • Ce quiz a été pris 185 fois
    68 depuis la dernière actualisation
  • Le résultat moyen est 13 sur 26
Statistiques - réponses
Population Lettre Ville % Correct
873 076 M Marseille
98%
522 250 L Lyon
96%
2 133 111 P Paris
96%
261 804 B Bordeaux
87%
504 078 T Toulouse
85%
291 313 S Strasbourg
80%
348 085 N Nice
78%
225 081 R Rennes
75%
157 175 A Angers
71%
157 477 G Grenoble
67%
63 642 Q Quimper
64%
159 346 D Dijon
62%
147 327 C Clermont-Ferrand
53%
116 617 O Orléans
53%
156 928 V Villeurbanne
42%
40 836 W Wattrelos
31%
66 177 E Évry-Courcouronnes
25%
74 921 F Fort-de-France
24%
55 103 H Hyères
24%
68 580 I Issy-les-Moulineaux
24%
28 699 Y Yerres
24%
10 543 U Urrugne
18%
38 183 J Joué-lès-Tours
15%
32 156 hab K Koungou
15%
2 579 X Xertigny
11%
703 Z Zonza
11%
Aucun quiz correspondant
Distribution des résultats
% des personnes avec chaque résultat
Percentile par nombre de réponses
Votre historique - résultats
Vous n’avez pas pris ce quiz depuis la dernière actualisation